Statistics for i don't smoke - mitski lyrics

Click here to take the quiz!

General Stats

  • This quiz has been taken 45 times
  • The average score is 164 of 205

Answer Stats

Answer% Correct
i
100%
you
100%
don't
97%
me
97%
smoke
97%
to
97%
be
94%
if
94%
mean
94%
need
94%
can
90%
it
90%
take
90%
and
87%
for
87%
i'm
87%
than
87%
when
87%
your
87%
break
84%
credit
84%
give
84%
hands
84%
in
84%
inside
84%
missing
84%
of
84%
stronger
84%
where
84%
alone
81%
except
81%
heart
81%
just
81%
leave
81%
more
81%
my
81%
put
81%
room
81%
wondering
81%
am
77%
are
77%
as
77%
on
77%
trinkets
74%
arm
71%
so
68%
the
65%
after
61%
i've
61%
remember
61%
lean
55%
left
55%
mouth
55%
tasted
55%
what's
55%
with
55%
flame
52%
held
52%
how
52%
baby
48%
being
48%
burn
48%
good
48%
makes
48%
rest
48%
true
48%
we
48%
moon
45%
days
42%
down
42%
under
42%
come
39%
meant
39%
now
39%
swam
39%
tell
39%
waiting
39%
was
39%

Score Distribution

Percentile by Number Answered

Percent of People with Each Score

Your Score History

You have not taken this quiz